000 01972cam a2200289 a 4500
003 OSt
005 20160724092516.0
008 130419s2014 nyua b 001 0 eng
020 _a9780071747349 (hardcover : alk. paper)
020 _a0071747346
029 1 _aNLM
_b101606509
040 _aMA-UN
_beng
082 0 0 _a616.107572
_223
_bCOA
245 0 0 _aColor atlas and synopsis of cardiovascular MR and CT /
_ceditor, Subha V. Raman ; series editor, William T. Abraham.
250 _aط. 1.
260 _aNew York :
_bMcGraw-Hill Education/Medical,
_cc2014.
300 _aix, 253 p. :
_bcol. ill. ;
_c29 cm. +
_e1 DVD (4 3/4 in.)
504 _aIncludes bibliographical references and index.
505 0 _aThe fundamentals of cardiovascular magnetic resonance / Orlando Paul Simonetti, Georgeta Mihai -- Basics of coronary and cardiovascular computed tomography / James K. Min, Rine Nakanishi, Troy Labounty -- Ischemic myocardial disease / Paul Chacko, Subha V. Raman -- Coronary artery disease / J. Ronald Mikolich -- Acquired nonischemic myocardial disease / Jennifer A. Dickerson -- Genetic myocardial disease / Jennifer A. Dickerson -- Cardiovascular magnetic resonance in valvular heart disease / Kamran Shaikh, Dipan J. Shah -- Semilunar valves / Venkateshwar Polsani, Kamran Shaikh, Dipan J. Shah -- The aorta / Mark Rabbat, Mushabbar A. Syed -- Congenital heart disease / Kan N. Hor -- Cardiac masses / Danielle Nicolo ... [et al.] -- Pericardial disease / Julie O'Brien, Amr M. Ajlan, Jonathon Leipsic -- Pulmonary hypertension / Abdul Rahman Wattar, Ashish Aneja.
650 0 _aCardiovascular system
_xMagnetic resonance imaging
_vAtlases.
_956091
650 0 _aCardiovascular system
_xTomography
_vAtlases.
_956092
650 1 2 _aCardiovascular Diseases
_xradiography.
_911122
650 2 2 _aMagnetic Resonance Imaging
_xmethods.
_956093
650 2 2 _aTomography, X-Ray Computed
_xmethods.
_911141
700 1 _aRaman, Subha V.,
_eeditor.
_956094
942 _cBOOK
999 _c39634
_d274134